NFL QB's 400+ Passing Yard games - Statistics

General Stats
  • This quiz has been taken 41 times
  • The average score is 23 of 25
Answer Stats
Year Team Opp. Team Player % Correct
2024 Lions Bills Jared Goff
100%
2024 Bengals Broncos Joe Burrow
100%
2025 Chargers Colts Justin Herbert
100%
2025 Panthers Falcons Bryce Young
97%
2024 Lions Jaguars Jared Goff
97%
2024 Bengals Ravens Joe Burrow
97%
2022 Bengals Falcons Joe Burrow
97%
2025 Bengals Bears Joe Flacco
97%
2022 Bills Steelers Josh Allen
97%
2024 Falcons Buccaneers Kirk Cousins
97%
2022 Vikings Colts Kirk Cousins
97%
2022 Vikings Lions Kirk Cousins
97%
2023 Chiefs Chargers Patrick Mahomes
97%
2022 Chiefs Titans Patrick Mahomes
97%
2022 Chiefs 49ers Patrick Mahomes
97%
2025 Giants Cowboys Russell Wilson
97%
2023 Dolphins Chargers Tua Tagovailoa
97%
2023 Texans Buccaneers C.J. Stroud
94%
2023 Cowboys Giants Dak Prescott
94%
2025 Cardinals 49ers Jacoby Brissett
94%
2023 Chargers Vikings Justin Herbert
94%
2022 Buccaneers Panthers Tom Brady
91%
2024 Steelers Bengals Russell Wilson
74%
2024 Browns Broncos Jameis Winston
63%
2023 Vikings Lions Nick Mullens
26%
No matching quizzes found
Score Distribution
Percent of People with Each Score
Percentile by Number Answered
Your Score History
You have not taken this quiz